000
00303nam a2200133Ia 4500
008
191201s2005 xx 000 0 und d
100
_a
HILL, John S
245
0
_a
World Business Globalization
250
_a
1st
260
_a
N.Delhi
_b
Thomson
_c
2005
300
_a
600
650
_a
MBA
942
_2
ddc
_c
BK
999
_c
4214
_d
4214